[Event "Hamburg-chT Landesliga 1314"]
[Site "Hamburg"]
[Date "2014.04.13"]
[Round "9.8"]
[White "Gorbach, Mark"]
[Black "Strobel, Holger"]
[Result "0-1"]
[WhiteElo "1733"]
[BlackElo "2196"]
[PlyCount "86"]
[EventDate "2013.10.13"]
[EventType "team-tourn"]
[EventRounds "9"]
[EventCountry "GER"]
[SourceTitle "EXT 2022"]
[Source "ChessBase"]
[SourceDate "2021.10.06"]
[SourceVersion "1"]
[SourceVersionDate "2021.10.06"]
[SourceQuality "1"]
[WhiteTeam "Hamburg Diogenes II"]
[BlackTeam "Eimsbuettel Union"]
[WhiteTeamCountry "GER"]
[BlackTeamCountry "GER"]

1. c4 Nf6 2. g3 g6 3. Bg2 Bg7 4. Nc3 c5 5. e3 0-0 6. Nge2 Nc6 7. 0-0 d6 8. d4 cxd4 9. exd4 Bf5 10. b3 Qd7 11. d5 Nb4 12. Be3 Nc2 13. Rc1 Nxe3 14. fxe3 Bh3 15. Qd3 Bxg2 16. Kxg2 Ng4 17. h3 Ne5 18. Qd2 a6 19. Nd4 Rac8 20. Rc2 Qc7 21. Rfc1 Nd7 22. Nce2 Qc5 23. b4 Qa7 24. Nb3 Rc7 25. c5 dxc5 26. Nxc5 Ne5 27. e4 Rfc8 28. Nd4 h5 29. Ne2 Kh7 30. a3 a5 31. Nf4 axb4 32. axb4 Qa3 33. Ncd3 Nc4 34. Qe1 Ne3+ 35. Qxe3 Rxc2+ 36. Rxc2 Rxc2+ 37. Kf3 Qa1 38. Ne2 Qh1+ 39. Kf2 Bd4 40. Qxd4 Qh2+ 41. Kf3 Qxe2+ 42. Kf4 Qd2+ 43. Ke5 Qg5# 0-1

[Event "Hamburg-chT Landesliga 1011"]
[Site "Hamburg"]
[Date "2011.04.17"]
[Round "9.1"]
[White "Strobel, Holger"]
[Black "Heyken, Enno"]
[Result "1-0"]
[WhiteElo "2180"]
[BlackElo "2364"]
[PlyCount "53"]
[EventDate "2010.10.10"]
[EventType "team-tourn"]
[EventRounds "9"]
[EventCountry "GER"]
[SourceTitle "EXT 2022"]
[Source "ChessBase"]
[SourceDate "2021.10.06"]
[SourceVersion "1"]
[SourceVersionDate "2021.10.06"]
[SourceQuality "1"]
[WhiteTeam "Eimsbuettel Union"]
[BlackTeam "Grosshansdorf"]
[WhiteTeamCountry "GER"]
[BlackTeamCountry "GER"]

1. d4 e6 2. c4 f5 3. Nc3 Nf6 4. g3 Bb4 5. Bg2 c5 6. Nf3 Ne4 7. Bd2 Bxc3 8. Bxc3 Nxc3 9. bxc3 0-0 10. 0-0 Nc6 11. Qd3 d6 12. Rad1 Qe7 13. e4 e5 14. dxe5 dxe5 15. Nh4 f4 16. Nf5 Qf6 17. Qd5+ Kh8 18. Qxc5 Bxf5 19. exf5 Qxf5 20. gxf4 Qxf4 21. Rd7 Rac8 22. Qe3 Qf5 23. Rfd1 b6 24. Qg3 g6 25. Qh4 g5 26. Qh6 Qg6 27. R1d6 1-0

[Event "GER CupT"]
[Site "Germany"]
[Date "2011.01.23"]
[Round "2.1"]
[White "Strobel, Holger"]
[Black "Solleveld, Maarten"]
[Result "0-1"]
[WhiteElo "2180"]
[BlackElo "2487"]
[PlyCount "62"]
[EventDate "2011.01.22"]
[EventType "team-k.o."]
[EventRounds "6"]
[EventCountry "GER"]
[SourceTitle "EXT 2016"]
[Source "ChessBase"]
[SourceDate "2015.10.08"]
[SourceVersion "1"]
[SourceVersionDate "2015.10.08"]
[SourceQuality "1"]
[WhiteTeam "Eimsbuettel Union"]
[BlackTeam "Goettingen Tempo"]
[WhiteTeamCountry "GER"]
[BlackTeamCountry "GER"]

1. d4 Nf6 2. c4 g6 3. Nc3 Bg7 4. e4 d6 5. f4 0-0 6. Nf3 Na6 7. Be2 e5 8. fxe5 dxe5 9. d5 Nc5 10. Qc2 Nfxe4 11. Nxe4 Bf5 12. Bd3 Bxe4 13. Bxe4 f5 14. Bxf5 Rxf5 15. Be3 e4 16. Bxc5 exf3 17. 0-0 b6 18. Be3 Qf6 19. g4 Re5 20. Bd4 Qf4 21. Bxe5 Bxe5 22. Kh1 Qxg4 23. Rae1 Bd6 24. Rg1 Qh5 25. Re6 Rf8 26. Rf1 Qh3 27. Rg1 f2 28. Rexg6+ Kh8 29. Rg8+ Rxg8 30. Rxg8+ Kxg8 31. Qxf2 Qg4 0-1

[Event "Hamburg-ch int 12th"]
[Site "Hamburg"]
[Date "2009.06.03"]
[Round "5"]
[White "Strobel, Holger"]
[Black "Kopisch, Martin"]
[Result "1-0"]
[WhiteElo "2255"]
[BlackElo "2142"]
[PlyCount "100"]
[EventDate "2009.05.30"]
[EventType "swiss"]
[EventRounds "9"]
[EventCountry "GER"]
[SourceTitle "CBM 130 Extra"]
[Source "ChessBase"]
[SourceDate "2009.07.02"]
[SourceVersion "2"]
[SourceVersionDate "2009.07.15"]
[SourceQuality "1"]

1. d4 d5 2. c4 c6 3. Nc3 Nf6 4. Nf3 dxc4 5. e4 b5 6. e5 Nd5 7. a4 e6 8. axb5 Nxc3 9. bxc3 cxb5 10. Ng5 Bb7 11. Qh5 g6 12. Qg4 Be7 13. Be2 Bd5 14. Ne4 h5 15. Qf4 Nd7 16. 0-0 a5 17. Bf3 Nb6 18. Nd6+ Bxd6 19. exd6 g5 20. Qe5 f6 21. Qe2 Qxd6 22. Bxh5+ Kd7 23. f4 g4 24. Bxg4 f5 25. Bf3 b4 26. Re1 Rhg8 27. Bd2 b3 28. Bc1 Qc6 29. Bxd5 Nxd5 30. g3 Rg4 31. Qf3 a4 32. Re5 Rag8 33. Ba3 R8g6 34. Rae1 Nxf4 35. d5 Qb6+ 36. Kh1 Rxg3 37. dxe6+ Rxe6 38. Rxe6 Rxf3 39. Rxb6 Rd3 40. Re7+ Kc8 41. h4 Nd5 42. Rc6+ Kd8 43. Rg7 Rd1+ 44. Kh2 Rd2+ 45. Kg1 Nxc3 46. Rxc4 Rc2 47. Be7+ Ke8 48. Rc8+ Kd7 49. Rxc3 b2 50. Ba3+ Ke6 1-0

[Event "Hamburg-ch int 12th"]
[Site "Hamburg"]
[Date "2009.05.31"]
[Round "2"]
[White "Mueller, Joerg"]
[Black "Strobel, Holger"]
[Result "1-0"]
[WhiteElo "2098"]
[BlackElo "2255"]
[PlyCount "57"]
[EventDate "2009.05.30"]
[EventType "swiss"]
[EventRounds "9"]
[EventCountry "GER"]
[SourceTitle "CBM 130 Extra"]
[Source "ChessBase"]
[SourceDate "2009.07.02"]
[SourceVersion "2"]
[SourceVersionDate "2009.07.15"]
[SourceQuality "1"]

1. e4 d6 2. d4 Nf6 3. Nc3 g6 4. f3 Bg7 5. Be3 0-0 6. Qd2 c6 7. 0-0-0 Qa5 8. Kb1 e5 9. dxe5 dxe5 10. Bc4 Nbd7 11. g4 b5 12. Bb3 Nb6 13. h4 Nc4 14. Bxc4 bxc4 15. Nd5 Qxd2 16. Nxf6+ Bxf6 17. Bxd2 Rd8 18. Ne2 Be6 19. Bc3 Kf8 20. Kc1 Bg7 21. g5 f5 22. exf5 gxf5 23. Ng3 Rd5 24. Rde1 Re8 25. Re2 Bd7 26. Rhe1 c5 27. Nh5 Bh8 28. f4 exf4 29. Bxh8 1-0

[Event "Hamburg-ch int 11th"]
[Site "Hamburg"]
[Date "2008.05.15"]
[Round "7"]
[White "Strobel, Holger"]
[Black "Huschenbeth, Niclas"]
[Result "1-0"]
[WhiteElo "2241"]
[BlackElo "2453"]
[PlyCount "49"]
[EventDate "2008.05.10"]
[EventType "swiss"]
[EventRounds "9"]
[EventCountry "GER"]
[SourceTitle "CBM 124 Extra"]
[Source "ChessBase"]
[SourceDate "2008.07.03"]
[SourceVersion "1"]
[SourceVersionDate "2008.07.03"]
[SourceQuality "1"]

1. d4 Nf6 2. c4 g6 3. Nc3 Bg7 4. e4 d6 5. f4 0-0 6. Nf3 c5 7. d5 e6 8. dxe6 Bxe6 9. Bd3 Nc6 10. 0-0 a6 11. Kh1 Re8 12. f5 Bd7 13. Bg5 h6 14. e5 Nxe5 15. Nxe5 hxg5 16. Nxd7 Qxd7 17. fxg6 fxg6 18. Bxg6 Re5 19. Nd5 Rf8 20. Qd3 Nxd5 21. cxd5 Rf4 22. g3 Rf6 23. Rxf6 Bxf6 24. Rf1 Kg7 25. Bh5 1-0